| 000 | 00469nam a22001697a 4500 | ||
|---|---|---|---|
| 005 | 20241220024053.0 | ||
| 008 | 241220b |||||||| |||| 00| 0 eng d | ||
| 020 | _a9789993352914 | ||
| 082 |
_25961 _a305 _bIND |
||
| 245 |
_aA Decade in Nepalese Women's Lives (1996-2006) _bA Complication Research Abstracts) |
||
| 260 |
_aKathmandu _bWomen's Studies Program _c2007 |
||
| 300 | _a142 p., | ||
| 650 | _aWomen | ||
| 650 | _aNepal | ||
| 700 |
_aSharma, I _eedt |
||
| 942 | _cL | ||
| 999 |
_c5945 _d5945 |
||